| 000 | 00383nam a22001697a 4500 | ||
|---|---|---|---|
| 003 | OSt | ||
| 005 | 20211022152730.0 | ||
| 008 | 211022b |||||||| |||| 00| 0 eng d | ||
| 020 | _a0333904680 | ||
| 040 | _cHU | ||
| 082 | _a301 | ||
| 100 |
_aFRANCIS ABRAHAM _915115 |
||
| 245 | _aSOCIOLOGICAL THOUGHT | ||
| 260 |
_aNEW DELHI _bHALL _c1985 |
||
| 300 | _a263 | ||
| 942 |
_2ddc _cBOOKS _n0 |
||
| 999 |
_c14456 _d14456 |
||